000 00938nam a2200277Ia 4500
003 OSt
005 20220928121935.0
006 a|||||r|||| 00| 0
007 ta
008 220927b |||||||| |||| 00| 0 eng d
020 _c1495
024 _a118058
037 _b228, 06/11/2012, Classic Book Service
_cTextual
040 _aSDCL
_cSDCL
_beng
041 _2eng
_aeng
082 _aW66.3'P, Q2
100 _aHalliday Terence C Ed.
_9454896
245 0 _aFates of political liberalism in the british post- colony
_b The politics of the legal complex.
260 _aNew Delhi
_bC U P
_c2012
300 _axiii,555p
_ccm.
650 _aPolitical Science
700 _a Feeley Malcolm M. Ed.
_9454897
700 _a Karpik Lucien Ed.
_9454898
942 _hW66.3'P, Q2
_cTEXL
_2CC
999 _c768611
_d768611